000 00463nab a2200145Ia 4500
003 ES-SlBCS
005 20210601131742.0
008 140529s1932 xxu||||| |||| 00| 0 fre d
041 _afre
100 1 _aRenynghe de Voxvrie, Ch. Van
_9188580
245 0 0 _aVie catholique et politique en Belgique
_c Ch. van Renynghe De Voxvrie
650 0 4 _aVida Católica
_9188581
773 0 _tVie Intelectuelle (La)
_gvol. 17, nº. 3, 1932, págs. 461-466
_wRev907
942 _cAR
999 _c568191
_d568191